000 00379nam a22001337a 4500
999 _c8569
_d8569
008 200318b ||||| |||| 00| 0 eng d
020 _a9789388902755
100 _a Chaurasia, B.D.
245 _aChaurasia Human Anatomy (Heat and Net)
250 _a8th
_b2019
260 _aNew Delhi
_bCBS Publishers & Distributors
650 _aHuman Anatomy and Physiology
942 _2ddc
_cBK
_01